Statistics for Kommuner i Norge (2020)

Click here to take the quiz!

General Stats

  • This quiz has been taken 756 times
    (755 since last reset)
  • The average score is 148 of 356

Answer Stats

FylkeKommune% Correct
InnlandetOs
98%
VestlandBergen
91%
Rogaland
91%
OsloOslo
91%
TrøndelagTrondheim
88%
VikenÅl
87%
Nordland
87%
AgderKristiansand
87%
RogalandStavanger
85%
VikenÅs
84%
Troms og FinnmarkTromsø
83%
NordlandBodø
81%
InnlandetHamar
79%
Troms og FinnmarkAlta
76%
VikenFredrikstad
76%
InnlandetLillehammer
76%
VikenDrammen
75%
Møre og RomsdalÅlesund
74%
AgderArendal
73%
Møre og RomsdalKristiansund
73%
RogalandHaugesund
72%
Møre og RomsdalMolde
72%
VikenLillestrøm
71%
Møre og RomsdalSande
71%
VikenSarpsborg
71%
VikenHalden
70%
Vestfold og TelemarkLarvik
70%
VikenBærum
69%
Troms og FinnmarkHarstad
69%
VestlandVoss
69%
VikenMoss
67%
Vestfold og TelemarkPorsgrunn
67%
AgderGrimstad
66%
RogalandSandnes
66%
Vestfold og TelemarkTønsberg
66%
InnlandetGjøvik
65%
Troms og FinnmarkKautokeino
65%
Vestfold og TelemarkSandefjord
65%
Vestfold og TelemarkSkien
65%
Troms og FinnmarkHammerfest
64%
VikenHol
64%
VikenAsker
63%
TrøndelagRøros
63%
VikenNes
62%
VikenGol
61%
NordlandNarvik
61%
Troms og FinnmarkVadsø
61%
Troms og FinnmarkKarasjok
60%
TrøndelagSteinkjer
60%
InnlandetTrysil
60%
Troms og FinnmarkVardø
60%
InnlandetElverum
59%
InnlandetSel
59%
InnlandetKongsvinger
57%
VikenEidsvoll
56%
VikenKongsberg
56%
VikenFlå
54%
Vestfold og TelemarkHorten
54%
AgderLillesand
54%
AgderLindesnes
54%
TrøndelagNamsos
54%
Møre og RomsdalFjord
53%
RogalandKarmøy
53%
InnlandetLom
52%
RogalandStrand
52%
VikenLier
51%
Troms og FinnmarkBardu
50%
TrøndelagLevanger
50%
Troms og FinnmarkNordkapp
50%
Vestfold og TelemarkNotodden
50%
AgderRisør
50%
VestlandSogndal
50%
RogalandSola
50%
VestlandStord
50%
RogalandUtsira
50%
NordlandBrønnøy
49%
AgderFlekkefjord
49%
InnlandetGran
49%
VikenHemsedal
49%
VikenNordre Follo
49%
NordlandRana
49%
InnlandetDovre
48%
VikenNesodden
48%
InnlandetTynset
48%
InnlandetVågå
48%
VikenRingerike
47%
VikenUllensaker
47%
VestlandVik
47%
VestlandAskøy
46%
Vestfold og TelemarkBamble
46%
VestlandEtne
46%
Vestfold og TelemarkHolmestrand
46%
Vestfold og TelemarkKragerø
46%
VikenLørenskog
46%
NordlandRøst
46%
Troms og FinnmarkSenja
46%
Troms og FinnmarkTana
46%
InnlandetVestre Toten
46%
Møre og RomsdalVolda
46%
VikenNittedal
45%
TrøndelagOppdal
45%
InnlandetStange
45%
AgderTvedestrand
45%
AgderValle
45%
TrøndelagHitra
44%
RogalandKlepp
44%
InnlandetØstre Toten
44%
Vestfold og TelemarkTinn
44%
NordlandAndøy
43%
VestlandBømlo
43%
VikenHole
43%
VikenHvaler
43%
VikenIndre Østfold
43%
RogalandRandaberg
43%
Troms og FinnmarkSør-Varanger
43%
TrøndelagStjørdal
43%
InnlandetAlvdal
42%
RogalandEigersund
42%
NordlandFauske
42%
VikenGjerdrum
42%
Møre og RomsdalStranda
42%
NordlandVega
42%
Vestfold og TelemarkDrangedal
41%
AgderFarsund
41%
VestlandØygarden
41%
AgderVennesla
41%
Vestfold og TelemarkVinje
41%
InnlandetEidskog
40%
VestlandFitjar
40%
VikenFrogn
40%
VestlandKvam
40%
InnlandetNord-Odal
40%
VikenRælingen
40%
InnlandetSør-Odal
40%
NordlandSortland
40%
InnlandetÅmot
39%
VestlandAustevoll
39%
Troms og FinnmarkBåtsfjord
39%
VestlandBjørnafjorden
39%
Vestfold og TelemarkFærder
39%
TrøndelagFrøya
39%
InnlandetGrue
39%
VestlandKinn
39%
InnlandetLesja
39%
VikenNannestad
39%
Møre og RomsdalØrsta
39%
InnlandetØyer
39%
Troms og FinnmarkPorsanger
39%
VikenRakkestad
39%
Møre og RomsdalRauma
39%
InnlandetRingsaker
39%
VestlandStryn
39%
RogalandTime
39%
InnlandetVestre Slidre
39%
NordlandVestvågøy
39%
InnlandetFolldal
38%
InnlandetLøten
38%
TrøndelagMeråker
38%
Troms og FinnmarkNordreisa
38%
VikenØvre Eiker
38%
InnlandetØystre Slidre
38%
InnlandetRingebu
38%
AgderSirdal
38%
Troms og FinnmarkSørreisa
38%
InnlandetStor-Elvdal
38%
InnlandetTolga
38%
NordlandTræna
38%
InnlandetVang
38%
TrøndelagVerdal
38%
VikenAremark
37%
VikenAurskog-Høland
37%
VestlandEidfjord
37%
InnlandetGausdal
37%
AgderGjerstad
37%
VikenJevnaker
37%
VestlandKvinnherad
37%
VikenLunner
37%
TrøndelagMelhus
37%
VikenNesbyen
37%
InnlandetNord-Fron
37%
InnlandetSkjåk
37%
InnlandetSør-Fron
37%
Vestfold og TelemarkTokke
37%
Møre og RomsdalUlstein
37%
VikenEnebakk
36%
TrøndelagGrong
36%
VestlandLærdal
36%
Troms og FinnmarkLoppa
36%
VikenModum
36%
NordlandMoskenes
36%
InnlandetNordre Land
36%
RogalandSauda
36%
Vestfold og TelemarkSeljord
36%
RogalandSuldal
36%
VestlandSveio
36%
VestlandUllensvang
36%
Innlandet | VikenVåler
36%
InnlandetÅsnes
35%
Troms og FinnmarkBerlevåg
35%
RogalandBokn
35%
AgderBykle
35%
InnlandetEngerdal
35%
VestlandFedje
35%
VikenKrødsherad
35%
AgderKvinesdal
35%
VestlandLuster
35%
AgderLyngdal
35%
VikenMarker
35%
NordlandNesna
35%
VikenRåde
35%
InnlandetRendalen
35%
Troms og FinnmarkSalangen
35%
VikenSigdal
35%
Vestfold og TelemarkSiljan
35%
InnlandetSøndre Land
35%
Møre og RomsdalSunndal
35%
VestlandSunnfjord
35%
Møre og RomsdalSurnadal
35%
NordlandVærøy
35%
VikenVestby
35%
VestlandÅrdal
34%
VestlandAustrheim
34%
VestlandBremanger
34%
Vestfold og TelemarkFyresdal
34%
VestlandGloppen
34%
Møre og Romsdal | NordlandHerøy
34%
VikenHurdal
34%
Troms og FinnmarkKvænangen
34%
Troms og FinnmarkLyngen
34%
TrøndelagMalvik
34%
RogalandTysvær
34%
NordlandVefsn
34%
NordlandBindal
33%
InnlandetEtnedal
33%
AgderEvje og Hornnes
33%
VikenFlesberg
33%
AgderFroland
33%
Troms og FinnmarkGamvik
33%
VestlandGulen
33%
NordlandHamarøy
33%
TrøndelagHeim
33%
Troms og FinnmarkKvæfjord
33%
Vestfold og TelemarkKviteseid
33%
RogalandKvitsøy
33%
Vestfold og TelemarkMidt-Telemark
33%
Vestfold og TelemarkNissedal
33%
InnlandetNord-Aurdal
33%
VikenNore og Uvdal
33%
InnlandetSør-Aurdal
33%
VestlandStad
33%
Troms og FinnmarkKåfjord
32%
Troms og FinnmarkLebesby
32%
VestlandMasfjorden
32%
VestlandModalen
32%
VestlandOsterøy
32%
VikenRollag
32%
TrøndelagSelbu
32%
NordlandSteigen
32%
Møre og RomsdalSykkylven
32%
RogalandVindafjord
32%
NordlandAlstahaug
31%
VestlandAurland
31%
Troms og FinnmarkBalsfjord
31%
NordlandDønna
31%
NordlandEvenes
31%
RogalandGjesdal
31%
Troms og FinnmarkGratangen
31%
Møre og RomsdalHareid
31%
VestlandHøyanger
31%
TrøndelagIndre Fosen
31%
Troms og FinnmarkKarlsøy
31%
Troms og FinnmarkMålselv
31%
Troms og FinnmarkNesseby
31%
Vestfold og TelemarkNome
31%
NordlandØksnes
31%
TrøndelagOrkland
31%
TrøndelagRøyrvik
31%
VikenSkiptvet
31%
Møre og RomsdalSmøla
31%
NordlandSørfold
31%
VestlandTysnes
31%
VestlandVaksdal
31%
Møre og RomsdalVanylven
31%
AgderVegårshei
31%
AgderÅseral
30%
NordlandBeiarn
30%
AgderBygland
30%
NordlandGildeskål
30%
NordlandGrane
30%
TrøndelagInderøy
30%
Troms og FinnmarkLavangen
30%
TrøndelagLierne
30%
TrøndelagRennebu
30%
NordlandSaltdal
30%
Troms og FinnmarkSkjervøy
30%
RogalandBjerkreim
29%
VestlandFjaler
29%
NordlandHattfjelldal
29%
Vestfold og TelemarkHjartdal
29%
TrøndelagNamsskogan
29%
TrøndelagRindal
29%
NordlandRødøy
29%
Møre og RomsdalSula
29%
VestlandAlver
28%
VestlandAskvoll
28%
Møre og RomsdalAure
28%
NordlandHadsel
28%
AgderHægebostad
28%
NordlandHemnes
28%
TrøndelagHøylandet
28%
VestlandHyllestad
28%
Troms og FinnmarkIbestad
28%
NordlandLødingen
28%
NordlandLurøy
28%
TrøndelagMidtre Gauldal
28%
TrøndelagØrland
28%
TrøndelagSkaun
28%
TrøndelagSnåsa
28%
Troms og FinnmarkStorfjord
28%
Møre og RomsdalTingvoll
28%
VestlandUlvik
28%
Møre og RomsdalVestnes
28%
NordlandVevelstad
28%
Møre og RomsdalAverøy
27%
AgderBirkenes
27%
TrøndelagHoltålen
27%
AgderIveland
27%
RogalandLund
27%
NordlandMeløy
27%
TrøndelagOsen
27%
VestlandSamnanger
27%
RogalandSokndal
27%
TrøndelagTydal
27%
AgderÅmli
26%
Møre og RomsdalAukra
26%
Møre og RomsdalGiske
26%
Troms og FinnmarkHasvik
26%
TrøndelagÅfjord
25%
TrøndelagFlatanger
25%
TrøndelagFrosta
25%
Møre og RomsdalGjemnes
25%
TrøndelagOverhalla
25%
Troms og FinnmarkDyrøy
24%
TrøndelagLeka
24%
Troms og FinnmarkMåsøy
24%
Troms og FinnmarkTjeldsund
24%
NordlandVågan
24%
NordlandFlakstad
22%
NordlandSømna
22%
VestlandSolund
21%
RogalandHjelmeland
20%
Møre og RomsdalHustadvika
20%
TrøndelagNærøysund
20%
NordlandLeirfjord
18%

Score Distribution

Percentile by Number Answered

Percent of People with Each Score

Your Score History

You have not taken this quiz since the last reset